Παγκόσμιος ιστορία της λογοτεχνίας

Αποθηκεύτηκε σε:
Λεπτομέρειες βιβλιογραφικής εγγραφής
Κύριος συγγραφέας: Laaths, Erwin 1904-
Άλλοι συγγραφείς: Παναγιωτόπουλος, Ι. Μ., 1901-1982, Γιάκος, Δημήτριος Κ. 1914-, Πρωτοπαπά, Σ. (Μεταφραστής), Δηριώτη, Ι. (Επιμελητής έκδοσης)
Μορφή: Βιβλίο
Γλώσσα:Greek
Δημοσίευση: Αθήνα : Αρσενίδης, 1963
Θέματα:
Ετικέτες: Προσθήκη ετικέτας
Δεν υπάρχουν, Καταχωρήστε ετικέτα πρώτοι!

MARC

LEADER 00000cam a2200000 i 4500
001 1/14023
008 980428s1963 gr | ||| |||| ||gre||
035 |l 10019261 
040 |a GR-MY-UA  |b gre  |e aacr 
041 0 |a gre 
082 0 |a 809 
100 1 |a Laaths, Erwin  |d 1904- 
245 1 0 |a Παγκόσμιος ιστορία της λογοτεχνίας /  |c Erwin Laaths ; Μετάφρασις Σ. Πρωτοπαπά ; Λογοτεχνική επιμέλεια Ι. Δηριώτη. η νεοελληνική λογοτεχνία (-1920) ; υπό Ι. Μ. Παναγιωτοπούλου. Η σύγχρονος εποχή (1921-1962) ; υπό Δ. Γιάκου 
260 |a Αθήνα :   |b Αρσενίδης,   |c 1963 
300 |a 516 σ. (τ.1.); 568 σ. (τ.2.)  |b εικ. 
504 |a Περιέχει ευρετήρια 
650 0 0 |a Literature  |x History and criticism. 
700 1 |a Παναγιωτόπουλος, Ι. Μ.,   |d 1901-1982. 
700 1 |a Γιάκος, Δημήτριος Κ.  |d 1914- 
700 0 |a Πρωτοπαπά, Σ.  |4 trl 
700 1 |a Δηριώτη, Ι.  |4 edt 
852 |a INST  |b LESVOS  |e 19980428  |h 809 LAA  |p 005100014388  |q 005100014388  |t BK  |y 0  |z τ.1 
852 |a INST  |b LESVOS  |e 19980803  |h 809 LAA  |p 005100014389  |q 005100014389  |t BK  |y 0  |z τ.2 
852 |a INST  |b LESVOS  |e 19980428  |h 809 LAA  |p 005100014388  |q 005100014388  |t BK  |v τ.1:  |y 0  |z τ.1 
852 |a INST  |b LESVOS  |e 19980803  |h 809 LAA  |p 005100014389  |q 005100014389  |t BK  |v τ.2:  |y 0  |z τ.2 
853 |a INST  |b LESVOS  |h 809 LAA 
901 |a BIBL-1998-2 
909 |a Λ  |b 055153 
909 |a Λ  |b 055154 
922 |a 1ΕΛΗ  |b 199803  |c ΚΠΣ/ΤΚΑ  |d EMVASIS 
950 |a 117-1998-01-28